000 00454nam a2200169 i 4500
001 140969
003 ES-MaACL
007 t|
008 070918s1974 gw ||||1| eng d
100 1 _aYosida, Kosaku.
_9117671
245 1 0 _aFunctional analysis /
_cKosaku Yosida.
250 _a4th ed.
260 _aBerlin :
_bSpringer,
_c1974.
300 _aXII, 496 p. ;
_c24 cm.
650 1 4 _aAnĂ¡lisis funcional.
_99771
852 _aES-MaACL
_jE-9114
_bR.94211
999 _c140969
_d140969